L' Égypte ancienne au Louvre

Saved in:
Bibliographic Details
Main Author: Andreu, Guillemette
Corporate Author: Musée du Louvre. Département des antiquités égyptiennes
Other Authors: Rutschowscaya, Marie-Hélène, Ziegler, Christiane
Format: Book
Language:French
Published: Paris : Hachette, c1997.
Subjects:
Tags: Add Tag
No Tags, Be the first to tag this record!

MARC

LEADER 00000cam a2200000 i 4500
001 1/39356
008 030820s1997 fr | ||| |||| ||fre||
020 |a 2012351565 
035 |l 10070607 
040 |a GR-MyUa  |b gre  |e AACR2 
041 0 |a fre 
082 7 |a 709.32   |2 (21) 
100 1 |a Andreu, Guillemette. 
245 1 2 |a L' Égypte ancienne au Louvre /   |c Guillemette Andreu, Marie-Hélène Rutschowscaya, Christiane Ziegler.  
260 |a Paris :   |b Hachette,   |c c1997.  
300 |a 261 σ. :   |b έγχρ. εικ. ;   |c 30 εκ.  
504 |a Βιβλιογραφία: σ. 250-257.  
610 2 0 |a Musée du Louvre.   |b Département des antiquités égyptiennes  |v Catalogs. 
650 0 |a Art, Egyptian  |v Catalogs. 
651 0 |a Egypt  |x Antiquities  |v Catalogs. 
700 1 |a Rutschowscaya, Marie-Hélène. 
700 1 |a Ziegler, Christiane. 
710 2 |a Musée du Louvre.   |b Département des antiquités égyptiennes. 
852 |a INST  |b SYROS  |e 20030820  |h 709.32 AND  |p 005500003234  |q 005500003234  |t BK  |y 0 
901 |a BIBL5-2003-3 
922 |a 5ΕΛΗ  |b 200210  |c ΤΜΣΠΣ  |d Παπασωτηρίου 
950 |a 183-2002-10-19 
970 |a Μανωλαράκη  |b Μαρία  |z 10/09/2003